Los perros (Record no. 205833)

MARC details
000 -CABECERA
campo de control de longitud fija 00613cam a2200217 u 4500
003 - IDENTIFICADOR DEL NÚMERO DE CONTROL
campo de control MX-MxUPN
005 - FECHA Y HORA DE LA ÚLTIMA TRANSACCIÓN
campo de control 20240228063605.0
008 - ELEMENTOS DE LONGITUD FIJA--INFORMACIÓN GENERAL
campo de control de longitud fija 191025s2009 mx a ar 000 0 spa d
035 ## - NÚMERO DE CONTROL DEL SISTEMA
Número de control de sistema UPN01000233738
040 ## - FUENTE DE LA CATALOGACIÓN
Centro catalogador/agencia de origen MX-MxUPN
Lengua de catalogación spa
050 #4 - SIGNATURA TOPOGRÁFICA DE LA BIBLIOTECA DEL CONGRESO
Número de clasificación SF426.5
Número de documento/Ítem O45 2009
100 1# - ASIENTO PRINCIPAL--NOMBRE PERSONAL
Nombre de persona Olivar, Manuel
9 (RLIN) 42843
245 14 - MENCIÓN DE TÍTULO
Título Los perros
260 ## - PUBLICACIÓN, DISTRIBUCIÓN, ETC.
Lugar de publicación, distribución, etc. México, D.F. :
Nombre del editor, distribuidor, etc. Didacticromos,
Fecha de publicación, distribución, etc. c2009.
300 ## - DESCRIPCIÓN FÍSICA
Extensión [10] páginas :
Otras características físicas ilustraciones a color
490 0# - MENCIÓN DE SERIE
Mención de serie Contigo aprendí
650 #4 - ASIENTO SECUNDARIO DE MATERIA - TERMINO TEMATICO
Término de materia o nombre geográfico como elemento de entrada Perros
Subdivisión de forma Literatura infantil
9 (RLIN) 8585
902 ## - ELEMENTOS DE DATOS B LOCAL, LDB (RLIN)
Modificó VíctorGodínez/270224
942 ## - ELEMENTOS DE PUNTO DE ACCESO ADICIONAL (KOHA)
Fuente del sistema de clasificación o colocación Library of Congress Classification
Tipo de ítem Koha Libro
Holdings
Estado de retiro Estado de pérdida Fuente del sistema de clasificación o colocación Estado dañado No para préstamo Código de colección Localización permanente Ubicación/localización actual Ubicación en estantería Fecha de adquisición Clasificación Código de barras Fecha visto por última vez Tipo de ítem Koha
    Library of Congress Classification     Infantil Bib. Gregorio Torres Quintero Bib. Gregorio Torres Quintero Sala infantil Planta baja 11/05/2023 SF426.5 O45 2009 324608 31/12/2020 Libro